Tilastot visalle Yleistieto #19

Klikkaa tästä pelataksesi tätä visaa!

Yleistilastot

  • Tätä visaa on pelattu 220 kertaa
  • Keskiarvotulos 6 / 15

Vastaustilastot

VinkkiVastaus% Oikein
Mikä horoskooppimerkki on syntynyt 23.9-23.10?Vaaka
74%
Mikä eläin on latinaksi felis catus?Kissa
66%
Minkä suurkaupungin lähellä sijaitsee EuroDisney?Pariisin
66%
Kuka Yhdysvaltain presidentti erosi Watergate-skandaalin myötä?Richard Nixon
59%
Kuka oli Japanin keisari toisen maailmansodan aikana?Hirohito
54%
Kuka oli Suomen pääministeri lamavuosina 1991-1995?Esko Aho
45%
Missä maassa Lublin on?Puolassa
41%
Mistä maasta mestaritaikuri Harry Houdini oli kotoisin?Unkarista
29%
Kenen taiteilijan maalaus on "Avignonin Naiset"?Pablo Picasson
29%
Minkä maan parlamentti on nimeltään Knesset?Israelin
28%
Mikä on Irlannin toiseksi suurin kaupunki?Cork
22%
Mikä joki virtaa Varsovan läpi?Veiksel
15%
Kuka laulaja näytteli naispääosan elokuvassa "The Way We Were" (suom.Parhaat Vuotemme)?Barbra Streisand
13%
Mistä kaupungista Kolmas Nainen on kotoisin?Alavudelta
12%
Kuka on kirjoittanut kirjan "Lublinin Taikuri"?I. B. Singer
6%

Tulosjakauma

Persentiili vastausten määrän mukaan

Jokaisen tuloksen saaneiden osuus

Tuloshistoriasi

Et ole pelannut tätä visaa